As cantigas de Pero Meogo (Registo nº 200745)
[ vista simples ]
| 000 -Etiqueta do registo | |
|---|---|
| Valores | 00860nam 22002173 4500 |
| 100 ## - Dados gerais de processamento | |
| Dados gerais | 20260225d u||y0pory50 ba |
| 200 ## - Titulo e menção de responsabilidade | |
| Título próprio | As cantigas de Pero Meogo |
| Primeira menção de responsabilidade | estabelecimento crítico dos textos, análise literária, glossário e reprodução facsimilar dos manuscritos por Leodegário A. de Azevedo Filho |
| 210 ## - Publicação | |
| Local de publicação | Rio de Janeiro |
| Nome do editor | Gerna e Artes Gráficas |
| Data de publicação | 1974 |
| 215 ## - Descrição física | |
| Paginação / Volumes | 148, [1] p. |
| Outras indicações físicas | brochado |
| Dimensões | 21 cm |
| 225 ## - Colecção | |
| Título próprio da colecção | Oscar Nobiling |
| 300 ## - Notas gerais | |
| Texto da nota | . - [4] folhas em fac-símiles |
| 317 ## - Nota de proveniência | |
| Texto da nota | . - oferta com dedicatória de Leodegário A. de Azevedo Filho ao Prof. Almeida Faria |
| 606 ## - Nome comum usado como assunto | |
| ID Autoridade | 6 |
| Palavra de ordem | Literatura Portuguesa |
| 610 ## - Termos não controlados | |
| Palavra de ordem | Ensaios |
| 675 ## - CDU | |
| Notação | 821.134.3(81)-4Meogo, Pero |
| Edição | BR |
| Língua | por |
| 702 ## - Autor secundário (pessoa individual) | |
| ID Autoridade | 1766 |
| Apelido | Filho |
| Nome | Leodegário A. de Azevedo |
| Datas | 1927-2011 |
| 801 ## - Fonte de origem | |
| País | PT |
| Agência | BMMN |
| Regras de catalogação | RPC |
| 830 ## - Notas gerais do catalogador | |
| Criado por | Ana |
| Indexado por | Ana |
| 990 ## - Elementos KOHA | |
| Tipo de documento | Livro |
| Situação do levantamento | Biblioteca de origem | Código de barras | Cota | Permissão de empréstimo | Tipo de documento | Nota relativa ao exemplar | Forma de aquisição |
|---|---|---|---|---|---|---|---|
| Biblioteca Municipal de Montemor-o-Novo | 29979 | 821.134.3(81)-4 FIL|SAF | Livro | Acesso condicionado | Oferta |